Manchester United 2000s Starting XI - Statistics

General Stats
  • This quiz has been taken 342 times
  • The average score is 91 of 110
Answer Stats
Hint Answer % Correct
2008/2009 ST Wayne Rooney
99%
2007/2008 ST Wayne Rooney
99%
2006/2007 ST Wayne Rooney
99%
2005/2006 ST Wayne Rooney
99%
2004/2005 ST Wayne Rooney
99%
2008/2009 RM Cristiano Ronaldo
98%
2007/2008 RM Cristiano Ronaldo
98%
2006/2007 RM Cristiano Ronaldo
98%
2005/2006 RM Cristiano Ronaldo
98%
2004/2005 RM Cristiano Ronaldo
98%
2003/2004 RM Cristiano Ronaldo
98%
2008/2009 GK Edwin van der Sar
98%
2007/2008 GK Edwin van der Sar
98%
2006/2007 GK Edwin van der Sar
98%
2005/2006 GK Edwin van der Sar
98%
2008/2009 LM Ryan Giggs
97%
2007/2008 LM Ryan Giggs
97%
2006/2007 LM Ryan Giggs
97%
2005/2006 LM Ryan Giggs
97%
2004/2005 LM Ryan Giggs
97%
2003/2004 LM Ryan Giggs
97%
2002/2003 LM Ryan Giggs
97%
2001/2002 LM Ryan Giggs
97%
2000/2001 LM Ryan Giggs
97%
1999/2000 LM Ryan Giggs
97%
2008/2009 CB Rio Ferdinand
96%
2007/2008 CB Rio Ferdinand
96%
2006/2007 CB Rio Ferdinand
96%
2005/2006 CB Rio Ferdinand
96%
2004/2005 CB Rio Ferdinand
96%
2002/2003 CB Rio Ferdinand
96%
2008/2009 CB Nemanja Vidic
95%
2007/2008 CB Nemanja Vidic
95%
2006/2007 CB Nemanja Vidic
95%
2008/2009 LB Patrice Evra
94%
2007/2008 LB Patrice Evra
94%
2008/2009 ST Carlos Tevez
92%
2007/2008 ST Carlos Tevez
92%
2007/2008 CM Paul Scholes
92%
2006/2007 CM Paul Scholes
92%
2004/2005 CM Paul Scholes
92%
2003/2004 CAM Paul Scholes
92%
2002/2003 CM Paul Scholes
92%
2001/2002 CAM Paul Scholes
92%
2000/2001 CM Paul Scholes
92%
1999/2000 CM Paul Scholes
92%
2005/2006 ST Ruud van Nistelrooy
92%
2004/2005 ST Ruud van Nistelrooy
92%
2003/2004 ST Ruud van Nistelrooy
92%
2002/2003 ST Ruud van Nistelrooy
92%
2001/2002 ST Ruud van Nistelrooy
92%
2004/2005 CM Roy Keane
89%
2003/2004 CM Roy Keane
89%
2001/2002 CM Roy Keane
89%
2000/2001 CM Roy Keane
89%
1999/2000 CM Roy Keane
89%
2005/2006 RB Gary Neville
86%
2004/2005 RB Gary Neville
86%
2003/2004 RB Gary Neville
86%
2002/2003 RB Gary Neville
86%
2001/2002 RB Gary Neville
86%
2000/2001 RB Gary Neville
86%
1999/2000 RB Gary Neville
86%
2003/2004 CM Phil Neville
86%
2001/2002 CB Phil Neville
86%
2000/2001 CB Phil Neville
86%
1999/2000 CB Phil Neville
86%
2008/2009 CM Michael Carrick
85%
2007/2008 CM Michael Carrick
85%
2006/2007 CM Michael Carrick
85%
2002/2003 RM David Beckham
84%
2001/2002 RM David Beckham
84%
2000/2001 RM David Beckham
84%
1999/2000 RM David Beckham
84%
2002/2003 ST Ole Gunnar Solskjaer
83%
2000/2001 ST Ole Gunnar Solskjaer
83%
1999/2000 ST Dwight Yorke
80%
2002/2003 GK Fabian Barthez
79%
2000/2001 GK Fabian Barthez
79%
2001/2002 GK Fabien Barthez
79%
1999/2000 ST Andy Cole
76%
2008/2009 CM Darren Fletcher
75%
2005/2006 CM Darren Fletcher
75%
2008/2009 RB John O'Shea
75%
2005/2006 CM John O'Shea
75%
2003/2004 CB John O'Shea
75%
2002/2003 LB John O'Shea
75%
2003/2004 GK Tim Howard
72%
2002/2003 CM Juan Sebastian Veron
70%
2001/2002 CM Juan Sebastian Veron
70%
2007/2008 RB Wes Brown
64%
2006/2007 RB Wes Brown
64%
2005/2006 CB Wes Brown
64%
2000/2001 CB Wes Brown
64%
2006/2007 LB Gabriel Heinze
57%
2004/2005 LB Gabriel Heinze
57%
2000/2001 ST Teddy Sheringham
57%
2001/2002 CB Laurent Blanc
55%
2005/2006 LB Mikael Silvestre
54%
2004/2005 CB Mikael Silvestre
54%
2003/2004 CB Mikael Silvestre
54%
2002/2003 CB Mikael Silvestre
54%
2001/2002 LB Mikael Silvestre
54%
2000/2001 LB Mikael Silvestre
54%
1999/2000 CB Mikael Silvestre
54%
1999/2000 LB Denis Irwin
50%
2006/2007 ST Louis Saha
46%
1999/2000 GK Mark Bosnich
29%
2004/2005 GK Roy Carroll
24%
2003/2004 LB Quinton Fortune
22%
No matching quizzes found
Score Distribution
Percent of People with Each Score
Percentile by Number Answered
Your Score History
You have not taken this quiz